000 00625nam a2200241Ia 4500
003 OSt
005 20220924152329.0
006 a|||||r|||| 00| 0
007 ta
008 220923b |||||||| |||| 00| 0 ara d
024 _a342077
037 _cTextual
040 _aARTS
_cARTS
_bara
041 _2ara
_aara
082 _aQ70aR, 28J0.1-.2
100 _aSabri Mustafa Au.
_9226409
245 0 _aMauqif al-aql wal ilm wal aalim
260 _c1950
650 _a PHILOSOPHY
650 _aISLAM
_9577
942 _hQ70aR, 28J0.1-.2
_cTEXL
_2CC
999 _c469493
_d469493